000 00259nam a2200097Ia 4500
001 675299
005 20250826160938.0
008 250824s9999 xx 000 0 und d
245 0 _aPasteur ün Mikroplarla Savaşı
_cBeverley Birch
260 _bTÜBİTAK YAYINLARI
999 _c675299
_d675299